00687 2200181 4500245006100000020002200061250001100083100001900094700002200113650001600135005001900151260002800170041001400198084001100212300002500223500024800248336000900496 aNoir b : Tale of Black and WhitecRenita NozariahText a978-602-5406-42-3 aCet. 2 aRenita Nozaria aLarasati Fitriani aNovel Fiksi a20231002111737 aJakartabLoveablec2018 aIndonesia a808.83 a288 hlm. :c20.5 cm. aSuri salah ketika berpikir semuanya sudah selesai dan dia mampu melanjutkan hidupnya dengan baik. Namun pertemuannya dengan sisi paling misterius dunia gaib dan tindakan nael untuk menyelamatkannya memicu terjadinya peristiwa yang lebih besar. atext